000 00614nam a2200229Ia 4500
003 OSt
005 20221007064712.0
006 a|||||r|||| 00| 0
007 ta
008 221006b |||||||| |||| 00| 0 eng d
024 _a21,603
037 _cTextual
040 _aFLL
_cFLL
_beng
041 _2eng
_aeng
082 _aZ2:83, M0
100 _aAggarwal Madan Lal
_9686189
245 0 _aThe Indian stamp act
260 _aDelhi
_bM/s. Banwari Lal Vishwa Nath & Co. India
_c1980
300 _axxiii,230p
_ccm.
942 _hZ2:83, M0
_cTEXL
_2CC
999 _c1135066
_d1135066